| Tag |
First Indicator |
Second Indicator |
Subfields |
| LEADER |
00000cam a22000001a 4500 |
| 001 |
in00003409321 |
| 006 |
m d f |
| 007 |
cr bn mmmapmmp |
| 008 |
101221s2008 dcu o f000 0 eng d |
| 005 |
20260429190748.6 |
| 035 |
|
|
|a cis2007867836
|
| 040 |
|
|
|a ProQuest
|c ProQuest
|d UtOrBLW
|
| 043 |
|
|
|a n-us---
|
| 099 |
|
|
|a CRS-2008-RSI-0845
|
| 110 |
2 |
|
|a Library of Congress.
|b Congressional Research Service.
|
| 245 |
1 |
0 |
|a Ocean Dumping Act :
|b A Summary of the Law.
|
| 264 |
|
1 |
|a [Place of publication not identified] :
|b [publisher not identified],
|c 2008.
|
| 300 |
|
|
|a 1 online resource.
|
| 336 |
|
|
|a text
|b txt
|2 rdacontent
|
| 337 |
|
|
|a computer
|b c
|2 rdamedia
|
| 338 |
|
|
|a online resource
|b cr
|2 rdacarrier
|
| 500 |
|
|
|a Record is based on bibliographic data in ProQuest U.S. Congressional Research Digital Collection (last viewed Dec. 2010). Reuse except for individual research requires license from ProQuest, LLC.
|
| 500 |
|
|
|a CRS Report.
|
| 520 |
|
|
|a Presents summary of P.L. 92-532, the Marine Protection, Research, and Sanctuaries Act of 1972, which regulates the intentional ocean disposal of materials and authorizes related research. Covers permit and enforcement provisions of Title I, also known as the Ocean Dumping Act, and research and costal water quality monitoring provisions in Title II, Title IV, and Title V.
|
| 500 |
|
|
|a Electronic resource.
|
| 650 |
|
0 |
|a Environmental law.
|
| 650 |
|
0 |
|a Marine pollution.
|
| 650 |
|
0 |
|a Refuse and refuse disposal.
|
| 655 |
|
7 |
|a Electronic books.
|2 local
|
| 710 |
2 |
|
|a ProQuest (Firm)
|
| 776 |
0 |
8 |
|i Microfiche version:
|a Library of Congress. Congressional Research Service.
|t Ocean Dumping Act
|
| 830 |
|
0 |
|a U.S. Congressional Research.
|
| 856 |
4 |
0 |
|u http://proxy.library.tamu.edu/login?url=https://congressional.proquest.com/congcomp/getdoc?CRDC-ID=CRS-2008-RSI-0845
|z Connect to the full text of this electronic book
|t 0
|
| 999 |
|
|
|a MARS
|
| 999 |
f |
f |
|s 0d04452c-e8c1-35cf-9ecb-22959ec52ca0
|i 1e9051f7-c9c3-3218-9a66-4db188f58688
|t 0
|
| 952 |
f |
f |
|a Texas A&M University
|b College Station
|c Electronic Resources
|s www_evans
|d Available Online
|t 0
|e CRS-2008-RSI-0845
|h Other scheme
|
| 998 |
f |
f |
|a CRS-2008-RSI-0845
|t 0
|l Available Online
|